50 Characters: 50 Books Quiz Stats

 Plays Quiz Updated Feb 19, 2019

Support Sporcle.
Go Orange.
Score 0/50 Timer 10:00
1 Play Today
% Correct
Great Gatsby (The)
92.5%
Harry Potter and the ...
90%
Winnie-the-Pooh
89.7%
Gulliver's Travels
87.1%
Hobbit (The)
86.6%
Hunger Games (The)
84.4%
Twilight
80.9%
To Kill a Mockingbird
80.2%
Moby-Dick
78.7%
BFG (The)
78.6%
Gone with the Wind
76.8%
Hound of the Baskervilles (The)
75.3%
Godfather (The)
74.8%
Dr. No
74.6%
Nineteen Eighty-Four
74.1%
Les Misérables
72.7%
Treasure Island
72.3%
Three Musketeers (The)
69.6%
Wuthering Heights
69.3%
Little Women
68.7%
Pride and Prejudice
68.6%
Anne of Green Gables
66.5%
Catcher in the Rye (The)
66.4%
Silence of the Lambs (The)
65.9%
Wind in the Willows (The)
65.2%
% Correct
Memoirs of a Geisha
64%
Don Quixote
63.9%
Da Vinci Code (The)
63.8%
Emma
63.8%
Game of Thrones (A)
63.6%
Animal Farm
62.6%
Of Mice and Men
62.6%
Breakfast at Tiffany's
62%
Mrs. Dalloway
61.8%
Girl With the Dragon Tattoo (The)
59.1%
Canterbury Tales (The)
57.5%
Scarlet Letter (The)
57.3%
Great Expectations
56.9%
Crime and Punishment
56.7%
Lord of the Flies
52.3%
Robinson Crusoe
50.1%
Count of Monte Cristo (The)
49.7%
Hitchhiker's Guide ... (The)
47.3%
Golden Compass* (The)
46.4%
Grapes of Wrath (The)
42.8%
Maltese Falcon (The)
42.8%
Last of the Mohicans (The)
42.2%
Lolita
38.7%
Catch-22
38.6%
Heart of Darkness
36.1%

From the Vault

Capital Letter Minefield Blitz

by Ubbiebubbie

Is your geography knowledge strong enough to capitalize on this quiz?
Remove Ads.
Support Sporcle.
Get the best of Sporcle when you Go Orange. This ad-free experience offers more features, more stats, and more fun while also helping to support Sporcle. Thank you for becoming a member.

Show Comments

Extras

Top Quizzes Today


Score Distribution

Your Account Isn't Verified!

In order to create a playlist on Sporcle, you need to verify the email address you used during registration. Go to your Sporcle Settings to finish the process.

Report this User

Report this user for behavior that violates our Community Guidelines.

Details: